000 00888nam a22002297a 4500
005 20250128124657.0
008 240423b mx |||||||||| 00| | spa d
020 _a9786075265506
040 _aUNAMX
_cUNAMX
_dUNAMX
_dMX-LbUP
050 4 _aQA303
_bS74 2018
100 1 _aStewart, James,
_d1941-
_91868
_eautor
240 1 0 _a Single variable calculus.
_lEspaño
245 1 0 _aCálculo de una variable :
_btrascendentes tempranas /
_cJames Stewart ; traducción, Ana Elizabeth García Hernández, Enrique C. Mercado González
250 _a8a ed.
260 1 _aCiudad de México :
_bCengage,
_c2018
300 _axxx, 790 páginas :
_bilustraciones ;
_c27 cm.
500 _aTraducción de: Single variable calculus.
650 0 _aCálculo
_931
700 1 _aGarcía Hernández, Ana Elizabeth
_92315
_etraductor
700 1 _aMercado González, Enrique Cruz
_95093
_etraductor
942 _2lcc
_cLB
999 _c8374
_d8374